TINTA INTAN: : Koleksi Artikel Akhbar; Edisi 2023 /

Bibliographic Details
Corporate Author: Institut Tadbiran Awam Negara (INTAN)
Other Authors: Datuk Dr. Alauddin bin Sidal, Dr. Jasmine Edmund Andrew, Salinah binti Ismail
Format: Book
Language:Malay
Published: Kuala Lumpur Institut Tadbiran Awam Negara (INTAN) 2023
Subjects:
LEADER 02130cam a2200493 7i4500
001 0000071340
005 20241115090000.0
008 240521t2023 my a e o 0 may#d
020 # # |a 9773036008005  
022 # # |a 3036-0080 
040 # # |a BK 
041 0 # |a may 
082 0 # |a 351.595 
090 0 # |a INT 351.595   |b TIN 
245 0 0 |a TINTA INTAN: :   |b Koleksi Artikel Akhbar; Edisi 2023 /   |c Ketua editor; Datuk Dr. Alauddin bin Sidal, Timbalan ketua editor; Salinah binti Ismail, Editor; Dr. Jasmine Edmund Andrew. 
264 # 1 |a Kuala Lumpur  |b Institut Tadbiran Awam Negara (INTAN)  |c 2023 
264 # 4 |c ??A♭2023 
300 # # |a 204 pages:   |b colour illustrations;   |c 25 cm. 
336 # # |a text  |2 rdacontent 
337 # # |a unmediated  |2 rdamedia 
338 # # |a volume  |2 rdacarrier 
504 # # |a Includes bibliographical references 
599 # # |a LULUS 
650 # 0 |a Public administration --   |z Malaysia  
650 # 0 |a Government publications --   |z Malaysia  
650 # 0 |a Civil service --   |z Malaysia  
651 # 0 |a Malaysia --   |x Politics and government  
700 0 # |a Datuk Dr. Alauddin bin Sidal  
700 0 # |a Dr. Jasmine Edmund Andrew  
700 0 # |a Salinah binti Ismail  
710 0 # |a Institut Tadbiran Awam Negara (INTAN)  
997 # # |a BK SRWK 
998 # # |a 1000075170 1000075171 1000075172 1000075173 1000075175 1000075176 1000075177 1000075178 7000001738 7000001739 7000001741 
999 |a 1000075170  |b BOOK  |c Main Non-Fiction  |e INTAN Bukit Kiara 
999 |a 1000075171  |b BOOK  |c Main Non-Fiction  |e INTAN Bukit Kiara 
999 |a 1000075172  |b BOOK  |c Main Non-Fiction  |e INTAN Bukit Kiara 
999 |a 1000075173  |b BOOK  |c Main Non-Fiction  |e INTAN Bukit Kiara 
999 |a 1000075175  |b BOOK  |c Main Non-Fiction  |e INTAN Bukit Kiara 
999 |a 1000075176  |b BOOK  |c Main Non-Fiction  |e INTAN Bukit Kiara 
999 |a 1000075177  |b BOOK  |c Main Non-Fiction  |e INTAN Bukit Kiara 
999 |a 1000075178  |b BOOK  |c Main Non-Fiction  |e INTAN Bukit Kiara 
999 |a 7000001738  |b BOOK  |c Main Non-Fiction  |e INTAN Sarawak 
999 |a 7000001739  |b BOOK  |c Main Non-Fiction  |e INTAN Sarawak 
999 |a 7000001741  |b BOOK  |c Main Non-Fiction  |e INTAN Sarawak